Rabindranath Tagore Selected Essays (Record no. 14107)
[ view plain ]
| 000 -LEADER | |
|---|---|
| fixed length control field | 00596nam a2200229 a 4500 |
| 020 ## - INTERNATIONAL STANDARD BOOK NUMBER | |
| ISBN | 9788129103918 |
| 082 00 - DEWEY DECIMAL CLASSIFICATION NUMBER | |
| Classification number | 891.44 |
| Author Cutter | TAG1 |
| 100 ## - MAIN ENTRY--AUTHOR NAME | |
| Author name | Tagore, Rabindranath |
| 245 ## - TITLE STATEMENT | |
| Title | Rabindranath Tagore Selected Essays |
| 260 ## - PUBLICATION, DISTRIBUTION, ETC. (IMPRINT) | |
| Place of publication | Delhi |
| Name of publisher | Rupa and Co. |
| Year of publication | 2011 |
| 300 ## - PHYSICAL DESCRIPTION | |
| Number of Pages | 460p |
| 500 ## - GENERAL NOTE | |
| General note | includes index and biblioraphy |
| 650 ## - SUBJECT ADDED ENTRY--TOPICAL TERM | |
| Topical Term | Rabindranath Tagore - Writings |
| 942 ## - ADDED ENTRY ELEMENTS (KOHA) | |
| Koha item type | Books |
| 700 1# - | |
| -- | Tagore, Rabindranath |
| Collection code | Home library | Current library | Date acquired | Cost, normal purchase price | Full call number | Accession Number | Koha item type |
|---|---|---|---|---|---|---|---|
| Henry Martyn Institute Library | Henry Martyn Institute Library | 07/18/2013 | 295.00 | 891.44 TAG1 | 023940 | Books |
